书目信息 |
| 题名: |
西方教育思想史
|
|
| 作者: | 单中惠 主编 | |
| 分册: | ||
| 出版信息: | 北京 中国人民大学出版社 2017.07 |
|
| 页数: | 609页 | |
| 开本: | 26cm | |
| 丛书名: | ||
| 单 册: | ||
| 中图分类: | G40-091 | |
| 科图分类: | ||
| 主题词: | 教育思想--思想史--西方国家--教材 | |
| 电子资源: | ||
| ISBN: | 978-7-300-23033-7 | |
| 000 | 01155nam0 2200277 450 | |
| 001 | 0108153916 | |
| 005 | 20210308154404.0 | |
| 010 | @a978-7-300-23033-7@dCNY78.00 | |
| 100 | @a20171018d2017 em y0chiy50 ea | |
| 101 | 0 | @achi |
| 102 | @aCN@b110000 | |
| 105 | @ay z 000yy | |
| 106 | @ar | |
| 200 | 1 | @a西方教育思想史@Axi fang jiao yu si xiang shi@dHistory of western educational thought@f单中惠主编@zeng |
| 210 | @a北京@c中国人民大学出版社@d2017.07 | |
| 215 | @a609页@d26cm | |
| 300 | @a新编21世纪教育学系列教材 | |
| 314 | @a单中惠,华东师范大学基础教育与发展研究所教授、博士生导师,主要学术成果有《现代教育的探索——杜威与实用主义教育思想》、《西方教育思想史》等。 | |
| 330 | @a本书是一部关于西方教育思想发展的著作。设计了统一而清晰的框架(分为上卷和下卷,共七个时期),循着历史的轨迹对各种西方教育思想进行考察,共介绍了四十八种西方教育思想。 | |
| 334 | @a全国第二届教育科学优秀成果二等奖 | |
| 510 | 1 | @aHistory of western educational thought@zeng |
| 606 | 0 | @a教育思想@x思想史@y西方国家@j教材 |
| 690 | @aG40-091@v5 | |
| 701 | 0 | @a单中惠@Ashan zhong hui@4主编 |
| 801 | 0 | @aCN@bBJSZM@c20210308 |
| 905 | @b1273099-102@dG40-091@e1217@f4 | |
| 西方教育思想史=History of western educational thought/单中惠主编.-北京:中国人民大学出版社,2017.07 |
| 609页;26cm |
| 新编21世纪教育学系列教材 |
| ISBN 978-7-300-23033-7:CNY78.00 |
| 本书是一部关于西方教育思想发展的著作。设计了统一而清晰的框架(分为上卷和下卷,共七个时期),循着历史的轨迹对各种西方教育思想进行考察,共介绍了四十八种西方教育思想。 |
| ● |
| 相关链接 |
|
|
|
|
正题名:西方教育思想史
索取号:G40-091/1217
 
预约/预借
| 序号 | 登录号 | 条形码 | 馆藏地/架位号 | 状态 | 备注 |
| 1 | 1273099 | 212730990 | 第一样本阅览室/ [索取号:G40-091/1217] | 在馆 | |
| 2 | 1273100 | 212731007 | 教育系资料室/ [索取号:G40-091/1217] | 在馆 | |
| 3 | 1273101 | 212731016 | 教育系资料室/ [索取号:G40-091/1217] | 在馆 | |
| 4 | 1273102 | 212731025 | 第四借阅区/ [索取号:G40-091/1217] | 在馆 |